000 00554nam a2200241Ia 4500
003 OSt
005 20220912152251.0
006 a|||||r|||| 00| 0
007 ta
008 220909b |||||||| |||| 00| 0 eng d
024 _a55185
037 _cTextual
040 _aCSL
_beng
_cCSL
041 _aeng
082 _aL:5.43.N7, K7
100 _aWHO
245 0 _aTwenty years in south-east Asia
260 _c1967
300 _ap.
_ccm.
650 _aMedicine
942 _hL:5.43.N7, K7
_cTEXL
_2CC
999 _c83290
_d83290